[Event "MK Cafe Cup-B"]
[Site "Koszalin"]
[Date "1998.??.??"]
[Round "3"]
[White "Hadrys, Bogdan"]
[Black "Oliwa, Patryk"]
[Result "1-0"]
[WhiteElo "2120"]
[BlackElo "2285"]
[PlyCount "95"]
[EventDate "1998.08.??"]
[EventType "swiss"]
[EventRounds "10"]
[EventCountry "POL"]
[SourceTitle "EXT 1999"]
[Source "ChessBase"]
[SourceDate "1998.11.16"]
[SourceVersion "1"]
[SourceVersionDate "1998.11.16"]
[SourceQuality "1"]

1. g3 d5 2. Bg2 e5 3. d3 Nc6 4. Nf3 Bg4 5. h3 Bh5 6. 0-0 f5 7. c4 d4 8. Qa4 Qd7 9. Qb5 Bxf3 10. Bxf3 0-0-0 11. b4 Nf6 12. Bg5 h6 13. Bxf6 gxf6 14. Nd2 h5 15. h4 a6 16. Bxc6 Qxc6 17. Qxc6 bxc6 18. c5 Rg8 19. Kg2 Bh6 20. Nf3 Rg4 21. Kh3 Rdg8 22. Rg1 Kd7 23. Rae1 Ke6 24. a3 f4 25. Nh2 R4g7 26. g4 a5 27. Rb1 axb4 28. axb4 Kd5 29. f3 Rg6 30. Nf1 hxg4+ 31. Rxg4 Rxg4 32. fxg4 Ra8 33. Rb2 Ra1 34. Nh2 e4 35. dxe4+ Kxe4 36. Nf3 Bg7 37. Kg2 Rc1 38. Nd2+ Kd5 39. Nf3 Kc4 40. h5 d3 41. exd3+ Kxd3 42. Rd2+ Ke3 43. Ra2 Rc3 44. Nh4 f3+ 45. Kg3 Ke4 46. Nf5 Rc1 47. Nxg7 Rg1+ 48. Kh3 1-0

[Event "POL-ch sf"]
[Site "Czestochowa"]
[Date "1998.??.??"]
[Round "9"]
[White "Jakubowski, Maciej"]
[Black "Oliwa, Patryk"]
[Result "0-1"]
[WhiteElo "2335"]
[BlackElo "2285"]
[PlyCount "100"]
[EventDate "1998.10.??"]
[EventType "swiss"]
[EventRounds "11"]
[EventCountry "POL"]
[SourceTitle "EXT 2000"]
[Source "ChessBase"]
[SourceDate "1999.11.16"]
[SourceVersion "1"]
[SourceVersionDate "1999.11.16"]
[SourceQuality "1"]

1. e4 Nc6 2. Nc3 g6 3. d4 Bg7 4. Be3 d6 5. f3 Nf6 6. Qd2 a6 7. 0-0-0 e5 8. Nge2 b5 9. g4 h5 10. g5 Nd7 11. f4 exf4 12. Nxf4 0-0 13. Ncd5 Ne7 14. Bh3 Nxd5 15. Nxd5 Nb6 16. Nxb6 cxb6 17. Bg2 Bg4 18. Rde1 Rc8 19. Rhf1 Rc4 20. b3 Rc8 21. Rf2 a5 22. Kb1 b4 23. Bf4 Re8 24. h3 Be6 25. Bf1 Qd7 26. h4 Rc3 27. a4 Rec8 28. Qd1 Bg4 29. Be2 Bxe2 30. Rfxe2 b5 31. axb5 Qxb5 32. Re3 Rxc2 33. Qxc2 Rxc2 34. Kxc2 Bxd4 35. Rd3 a4 36. Rxd4 Qc5+ 37. Rc4 Qf2+ 38. Bd2 axb3+ 39. Kd1 Qf3+ 40. Kc1 Qd3 41. Rc8+ Kh7 42. Bxb4 Qa6 43. Rc7 Qa1+ 44. Kd2 Qd4+ 45. Kc1 Qxb4 46. Rxf7+ Kg8 47. Ref1 Qc3+ 48. Kd1 Qd3+ 49. Ke1 Qxe4+ 50. Kd2 Qd5+ 0-1

[Event "MK Cafe Cup-B"]
[Site "Koszalin"]
[Date "1998.??.??"]
[Round "10"]
[White "Oliwa, Patryk"]
[Black "Dlugosz, Jedrzej"]
[Result "1-0"]
[WhiteElo "2285"]
[BlackElo "2120"]
[PlyCount "37"]
[EventDate "1998.08.??"]
[EventType "swiss"]
[EventRounds "10"]
[EventCountry "POL"]
[SourceTitle "EXT 1999"]
[Source "ChessBase"]
[SourceDate "1998.11.16"]
[SourceVersion "1"]
[SourceVersionDate "1998.11.16"]
[SourceQuality "1"]

1. d4 Nf6 2. c4 g6 3. Nc3 Bg7 4. g3 d6 5. Bg2 0-0 6. Nf3 Nbd7 7. 0-0 e5 8. h3 c6 9. e4 Re8 10. Be3 exd4 11. Nxd4 Nc5 12. Qc2 Qe7 13. Rfe1 Nfxe4 14. Nxe4 Nxe4 15. Bxe4 Qxe4 16. Bd2 Qxe1+ 17. Rxe1 Rxe1+ 18. Bxe1 Be5 19. Bc3 1-0

[Event "MK Cafe Cup-B"]
[Site "Koszalin"]
[Date "1998.??.??"]
[Round "8"]
[White "Oliwa, Patryk"]
[Black "Gunajew, Rafal"]
[Result "0-1"]
[WhiteElo "2285"]
[BlackElo "2160"]
[PlyCount "78"]
[EventDate "1998.08.??"]
[EventType "swiss"]
[EventRounds "10"]
[EventCountry "POL"]
[SourceTitle "EXT 1999"]
[Source "ChessBase"]
[SourceDate "1998.11.16"]
[SourceVersion "1"]
[SourceVersionDate "1998.11.16"]
[SourceQuality "1"]

1. d4 d5 2. Nf3 c6 3. g3 Nf6 4. Bg2 e6 5. 0-0 Be7 6. b3 Nbd7 7. Bb2 0-0 8. Nbd2 b6 9. c4 Ba6 10. Rc1 b5 11. Ne5 Nxe5 12. dxe5 Nd7 13. cxb5 cxb5 14. Rc6 Qa5 15. Qb1 Qxd2 16. Rxa6 Nb8 17. Rd1 Qxe2 18. Bf1 Qf3 19. Ra5 Bc5 20. Rd2 Nc6 21. Rxb5 Bb6 22. Qc1 Rac8 23. Qe1 Qf5 24. Bd3 Qg5 25. Rc2 Nd4 26. Bxd4 Bxd4 27. Rb7 Rxc2 28. Bxc2 Rc8 29. Kg2 g6 30. Bd3 Rc3 31. f4 Qh5 32. Qd2 Qh6 33. Bb1 Bxe5 34. Rxa7 Bf6 35. Qe2 Qf8 36. Qb5 Qc8 37. Qb7 Qxb7 38. Rxb7 Rc1 39. Bd3 Ra1 0-1

[Event "POL-ch sf"]
[Site "Czestochowa"]
[Date "1998.??.??"]
[Round "11"]
[White "Oliwa, Patryk"]
[Black "Jedryczka, Krystian"]
[Result "1/2-1/2"]
[WhiteElo "2285"]
[BlackElo "2465"]
[PlyCount "90"]
[EventDate "1998.10.??"]
[EventType "swiss"]
[EventRounds "11"]
[EventCountry "POL"]
[SourceTitle "EXT 2000"]
[Source "ChessBase"]
[SourceDate "1999.11.16"]
[SourceVersion "1"]
[SourceVersionDate "1999.11.16"]
[SourceQuality "1"]

1. d4 Nf6 2. Nf3 g6 3. Nc3 d5 4. Bf4 Bg7 5. Qd2 0-0 6. e3 c6 7. Be2 Nbd7 8. Ne5 Ne8 9. h4 Nxe5 10. Bxe5 Bxe5 11. dxe5 Qc7 12. f4 f6 13. exf6 Nxf6 14. h5 e5 15. hxg6 hxg6 16. 0-0-0 Be6 17. Rh4 Kg7 18. Rdh1 Rh8 19. Qe1 Raf8 20. Qg3 exf4 21. exf4 Bf5 22. Qh2 Qc8 23. Bf3 Rxh4 24. Qxh4 Rh8 25. Qxh8+ Qxh8 26. Rxh8 Kxh8 27. Kd2 Kg7 28. Na4 b6 29. b4 Ne4+ 30. Ke3 Nd6 31. Bd1 Nb5 32. c3 Kf6 33. Bb3 Be6 34. g3 Kf7 35. Bc2 d4+ 36. cxd4 Bxa2 37. Bd3 Nc7 38. Nc3 Bb3 39. Be4 Nd5+ 40. Nxd5 cxd5 41. Bd3 a5 42. bxa5 bxa5 43. Kd2 Kf6 44. Kc3 Ba4 45. Be2 g5 1/2-1/2

[Event "POL-ch U20"]
[Site "Trzebinia"]
[Date "1998.??.??"]
[Round "5"]
[White "Oliwa, Patryk"]
[Black "Koc, Przemyslaw"]
[Result "1/2-1/2"]
[WhiteElo "2275"]
[BlackElo "2305"]
[PlyCount "20"]
[EventDate "1998.??.??"]
[EventType "tourn"]
[EventRounds "11"]
[EventCountry "POL"]
[EventCategory "3"]
[SourceTitle "EXT 2000"]
[Source "ChessBase"]
[SourceDate "1999.11.16"]
[SourceVersion "1"]
[SourceVersionDate "1999.11.16"]
[SourceQuality "1"]

1. e4 c6 2. d4 d5 3. e5 Bf5 4. Nf3 e6 5. a3 Ne7 6. Nbd2 Nd7 7. c3 a6 8. Nh4 c5 9. Nxf5 Nxf5 10. Nf3 cxd4 1/2-1/2

[Event "Krynica op-A"]
[Site "Krynica"]
[Date "1998.??.??"]
[Round "?"]
[White "Oliwa, Patryk"]
[Black "Lagowski, Patryk"]
[Result "1-0"]
[WhiteElo "2275"]
[BlackElo "2020"]
[PlyCount "59"]
[EventDate "1998.??.??"]
[EventType "swiss"]
[EventRounds "11"]
[EventCountry "POL"]
[SourceTitle "EXT 2002"]
[Source "ChessBase"]
[SourceDate "2001.11.25"]
[SourceVersion "1"]
[SourceVersionDate "2001.11.25"]
[SourceQuality "1"]

1. d4 Nf6 2. Nf3 e6 3. Bg5 h6 4. Bh4 b6 5. Nbd2 Bb7 6. e3 Be7 7. Bd3 0-0 8. 0-0 c5 9. c3 d5 10. Ne5 Qc7 11. f4 Ne4 12. Bxe7 Qxe7 13. Bxe4 dxe4 14. Qc2 cxd4 15. exd4 e3 16. Ndc4 Ba6 17. Rfe1 Nd7 18. Nxd7 Qxd7 19. Ne5 Qd5 20. Rxe3 Bb7 21. Rg3 Rac8 22. Qe2 Rc7 23. a3 b5 24. Re1 a5 25. Qd2 f6 26. Ng4 Kf7 27. Ne3 Qd6 28. Qd3 b4 29. Qh7 Rg8 30. Nf5 1-0

[Event "POL-ch U20"]
[Site "Trzebinia"]
[Date "1998.??.??"]
[Round "7"]
[White "Oliwa, Patryk"]
[Black "Miton, Kamil"]
[Result "1/2-1/2"]
[WhiteElo "2275"]
[BlackElo "2375"]
[PlyCount "120"]
[EventDate "1998.??.??"]
[EventType "tourn"]
[EventRounds "11"]
[EventCountry "POL"]
[EventCategory "3"]
[SourceTitle "EXT 2000"]
[Source "ChessBase"]
[SourceDate "1999.11.16"]
[SourceVersion "1"]
[SourceVersionDate "1999.11.16"]
[SourceQuality "1"]

1. d3 e5 2. e4 Nc6 3. g3 d5 4. Nd2 Nf6 5. Bg2 Bc5 6. Ngf3 0-0 7. 0-0 a5 8. c3 b6 9. exd5 Nxd5 10. Qc2 Bb7 11. b3 Qd7 12. Bb2 Rfe8 13. a3 f6 14. Rad1 Rad8 15. b4 axb4 16. axb4 Bf8 17. Rfe1 Ba8 18. Ne4 Qf7 19. b5 Na5 20. Bc1 c5 21. bxc6 Nxc6 22. Qb3 Na5 23. Qb2 h6 24. h3 f5 25. Ned2 Nc6 26. Re2 g6 27. Qc2 Bg7 28. Bb2 b5 29. Rde1 b4 30. c4 Nc3 31. Re3 Kh7 32. h4 Re7 33. Nb3 Rde8 34. Ra1 e4 35. dxe4 fxe4 36. Nfd2 Nd4 37. Nxd4 Bxd4 38. Bxc3 bxc3 39. Nf1 Bxe3 40. Nxe3 Qf6 41. Ra3 h5 42. Rxc3 Qd4 43. c5 Bc6 44. Rc4 Qa1+ 45. Kh2 Qe1 46. Rd4 Rf8 47. Rd2 Ref7 48. Re2 Qb4 49. Kg1 Bb5 50. Rd2 Bd3 51. Qc1 Rc8 52. c6 Rxc6 53. Qd1 Rd6 54. Qc1 Qd4 55. Kh2 Rdf6 56. Qe1 Qc5 57. Bh3 Qa5 58. Ng2 g5 59. hxg5 Qxg5 60. Rb2 Qe5 1/2-1/2

[Event "POL-ch U20"]
[Site "Trzebinia"]
[Date "1998.??.??"]
[Round "11"]
[White "Oliwa, Patryk"]
[Black "Owczarzak, Jerzy"]
[Result "1-0"]
[WhiteElo "2275"]
[BlackElo "2210"]
[PlyCount "70"]
[EventDate "1998.??.??"]
[EventType "tourn"]
[EventRounds "11"]
[EventCountry "POL"]
[EventCategory "3"]
[SourceTitle "EXT 2000"]
[Source "ChessBase"]
[SourceDate "1999.11.16"]
[SourceVersion "1"]
[SourceVersionDate "1999.11.16"]
[SourceQuality "1"]

1. g3 Nf6 2. Bg2 d5 3. Nf3 g6 4. 0-0 Bg7 5. c4 c6 6. d4 0-0 7. Nc3 Re8 8. cxd5 cxd5 9. Ne5 Nc6 10. Bf4 e6 11. Nxc6 bxc6 12. Na4 Nd7 13. Rc1 Nb6 14. Nc5 Qe7 15. b3 Nd7 16. Qd2 Nxc5 17. Rxc5 e5 18. Bg5 f6 19. Bh6 Bxh6 20. Qxh6 Bd7 21. e3 Rab8 22. Rfc1 e4 23. Qf4 Rb7 24. Qh6 Qf7 25. Bf1 Kh8 26. R1c3 Rg8 27. Bh3 f5 28. Bf1 g5 29. Qd6 Rg6 30. Qe5+ Kg8 31. Ba6 Rb6 32. Ra5 Be6 33. Be2 Bc8 34. Bh5 Ba6 35. Bxg6 hxg6 1-0

[Event "Krynica op-A"]
[Site "Krynica"]
[Date "1998.??.??"]
[Round "?"]
[White "Oliwa, Patryk"]
[Black "Pinski, Jan"]
[Result "0-1"]
[WhiteElo "2275"]
[BlackElo "2330"]
[PlyCount "74"]
[EventDate "1998.??.??"]
[EventType "swiss"]
[EventRounds "11"]
[EventCountry "POL"]
[SourceTitle "EXT 2002"]
[Source "ChessBase"]
[SourceDate "2001.11.25"]
[SourceVersion "1"]
[SourceVersionDate "2001.11.25"]
[SourceQuality "1"]

1. d4 Nf6 2. Nf3 c5 3. d5 e6 4. c4 b5 5. dxe6 fxe6 6. cxb5 Bb7 7. Nbd2 Be7 8. Qc2 Qa5 9. e3 a6 10. Qc3 axb5 11. Qxa5 Rxa5 12. Nb3 Ra7 13. Bxb5 Bd5 14. Nfd2 Bxg2 15. Rg1 Bc6 16. Bxc6 Nxc6 17. Rxg7 Nb4 18. Kd1 Kf8 19. Rg3 Rxa2 20. Rxa2 Nxa2 21. e4 Bd6 22. Rg2 Nxc1 23. Kxc1 Kf7 24. Kc2 Bf4 25. f3 Rc8 26. h3 d5 27. exd5 exd5 28. Nc1 c4 29. Ne2 Be3 30. Nb1 Bb6 31. Kc3 d4+ 32. Kd2 Nd5 33. Rg4 Ba5+ 34. Kd1 d3 35. Ng3 Rb8 36. Rxc4 Rxb2 37. Ne4 Re2 0-1

[Event "POL-ch sf"]
[Site "Czestochowa"]
[Date "1998.??.??"]
[Round "2"]
[White "Oliwa, Patryk"]
[Black "Sapis, Witalis"]
[Result "1/2-1/2"]
[WhiteElo "2285"]
[BlackElo "2385"]
[PlyCount "68"]
[EventDate "1998.10.??"]
[EventType "swiss"]
[EventRounds "11"]
[EventCountry "POL"]
[SourceTitle "EXT 2000"]
[Source "ChessBase"]
[SourceDate "1999.11.16"]
[SourceVersion "1"]
[SourceVersionDate "1999.11.16"]
[SourceQuality "1"]

1. d4 d5 2. Nf3 c6 3. c4 Nf6 4. Nc3 dxc4 5. e4 b5 6. e5 Nd5 7. a4 e6 8. axb5 Nxc3 9. bxc3 cxb5 10. Ng5 Bb7 11. Qh5 g6 12. Qg4 Be7 13. h4 h5 14. Qf4 Bxg5 15. hxg5 Nc6 16. Rb1 Qa5 17. Bd2 Qa6 18. Be2 Ne7 19. 0-0 Nd5 20. Qg3 Qc6 21. Bf3 Qd7 22. Ra1 a5 23. Ra2 0-0 24. Rfa1 Qc7 25. Qh3 b4 26. cxb4 c3 27. Bxd5 Bxd5 28. Qxc3 Qxc3 29. Bxc3 Bxa2 30. Rxa2 axb4 31. Rxa8 Rxa8 32. Bxb4 Ra4 33. Bc5 Ra1+ 34. Kh2 Rd1 1/2-1/2

[Event "MK Cafe Cup-B"]
[Site "Koszalin"]
[Date "1998.??.??"]
[Round "7"]
[White "Oliwa, Patryk"]
[Black "Skorobogaty, Krzysztof"]
[Result "1-0"]
[WhiteElo "2285"]
[BlackElo "2125"]
[PlyCount "77"]
[EventDate "1998.08.??"]
[EventType "swiss"]
[EventRounds "10"]
[EventCountry "POL"]
[SourceTitle "EXT 1999"]
[Source "ChessBase"]
[SourceDate "1998.11.16"]
[SourceVersion "1"]
[SourceVersionDate "1998.11.16"]
[SourceQuality "1"]

1. d4 d5 2. Nf3 e6 3. Bf4 c5 4. e3 Qb6 5. Qc1 Nc6 6. c3 Nf6 7. Nbd2 Be7 8. Bd3 0-0 9. 0-0 Bd7 10. Rb1 Rac8 11. Qd1 Nb8 12. Re1 Bc6 13. Ne5 Nbd7 14. Qf3 Qd8 15. Qh3 c4 16. Bc2 b5 17. Nxc6 Rxc6 18. e4 dxe4 19. Nxe4 g6 20. a3 a5 21. Rbd1 Rc8 22. Nd6 Bxd6 23. Bxd6 Re8 24. Bf4 Nd5 25. Bc1 N7f6 26. Bg5 Qd6 27. Re5 Nd7 28. Re4 N5f6 29. Re3 Qc6 30. Rde1 Qd6 31. Qh4 Nh5 32. g4 Ng7 33. Rh3 Nf8 34. Bf6 Qf4 35. Be5 Qd2 36. Ree3 Qxc2 37. Qf6 Qd1+ 38. Kg2 Qxg4+ 39. Rhg3 1-0

[Event "POL-ch U20"]
[Site "Trzebinia"]
[Date "1998.??.??"]
[Round "9"]
[White "Oliwa, Patryk"]
[Black "Szczechowicz, Bartosz"]
[Result "1-0"]
[WhiteElo "2275"]
[BlackElo "2275"]
[PlyCount "55"]
[EventDate "1998.??.??"]
[EventType "tourn"]
[EventRounds "11"]
[EventCountry "POL"]
[EventCategory "3"]
[SourceTitle "EXT 2000"]
[Source "ChessBase"]
[SourceDate "1999.11.16"]
[SourceVersion "1"]
[SourceVersionDate "1999.11.16"]
[SourceQuality "1"]

1. d4 Nf6 2. Nf3 e6 3. Bg5 h6 4. Bh4 c5 5. e3 Qb6 6. Qc1 Nc6 7. c3 cxd4 8. exd4 Be7 9. Nbd2 d6 10. Bd3 0-0 11. 0-0 Bd7 12. Re1 Rac8 13. Nc4 Qc7 14. Ne3 a6 15. Bxf6 Bxf6 16. Ng4 Bd8 17. Nxh6+ gxh6 18. Qxh6 f5 19. Qg6+ Kh8 20. d5 exd5 21. Re3 Rf6 22. Qh5+ Kg7 23. Ng5 Ne5 24. Rh3 Ng6 25. Qh6+ Kg8 26. Nh7 Be8 27. Nxf6+ Bxf6 28. Bxf5 1-0

[Event "POL-ch U20"]
[Site "Trzebinia"]
[Date "1998.??.??"]
[Round "8"]
[White "Szelag, Marcin"]
[Black "Oliwa, Patryk"]
[Result "0-1"]
[WhiteElo "2350"]
[BlackElo "2275"]
[PlyCount "100"]
[EventDate "1998.??.??"]
[EventType "tourn"]
[EventRounds "11"]
[EventCountry "POL"]
[EventCategory "3"]
[SourceTitle "EXT 2000"]
[Source "ChessBase"]
[SourceDate "1999.11.16"]
[SourceVersion "1"]
[SourceVersionDate "1999.11.16"]
[SourceQuality "1"]

1. e4 e6 2. d4 d5 3. Nc3 Bb4 4. e5 c5 5. a3 Bxc3+ 6. bxc3 Qc7 7. Qg4 f5 8. Qh5+ g6 9. Qd1 Nc6 10. Nf3 h6 11. h4 Bd7 12. Bd3 Qa5 13. Kf1 c4 14. Be2 Qa4 15. Bf4 0-0-0 16. Qd2 Rf8 17. Rh3 Be8 18. Kg1 Rf7 19. Nh2 Nd8 20. g4 Rfh7 21. Bf3 Ne7 22. Qe2 Nf7 23. gxf5 Nxf5 24. Ng4 g5 25. hxg5 hxg5 26. Rxh7 Rxh7 27. Nf6 Rg7 28. Bh2 N7h6 29. Kf1 Bg6 30. Bxd5 exd5 31. e6 Ne7 32. Qe5 Nc6 33. Qd6 Nf5 34. Qf8+ Nd8 35. Nxd5 Qe8 36. Qc5+ Nc6 37. Re1 g4 38. Bf4 g3 39. e7 Qh8 40. Qxa7 Qh1+ 41. Ke2 Qxd5 42. Qa8+ Kd7 43. Qxb7+ Ke8 44. Qa8+ Kxe7 45. Kd2+ Kf7 46. fxg3 Nfe7 47. Re2 Bxc2 48. Be5 Rg8 49. Qb7 Bf5 50. Bf4 Re8 0-1

[Event "POL-chT 53rd"]
[Site "Krynica"]
[Date "1997.09.30"]
[Round "6"]
[White "Klimaszewski, Dariusz1111"]
[Black "Oliwa, Patryk"]
[Result "1/2-1/2"]
[WhiteElo "2280"]
[BlackElo "2130"]
[PlyCount "104"]
[EventDate "1997.09.25"]
[EventType "team-tourn"]
[EventRounds "11"]
[EventCountry "POL"]
[SourceTitle "EXT 2019"]
[Source "ChessBase"]
[SourceDate "2018.10.10"]
[SourceVersion "1"]
[SourceVersionDate "2018.10.10"]
[SourceQuality "1"]
[WhiteTeam "Suwalki Hancza"]
[BlackTeam "Jasien LKS ZPD"]
[WhiteTeamCountry "POL"]
[BlackTeamCountry "POL"]

1. f4 d5 2. Nf3 Nc6 3. e3 g6 4. Bb5 Bd7 5. 0-0 Bg7 6. d3 Nf6 7. Qe2 0-0 8. Bd2 a6 9. Bxc6 Bxc6 10. Bc3 b5 11. Nbd2 a5 12. a3 a4 13. b4 Bb7 14. Rac1 Bc8 15. Ne5 Ra6 16. Bd4 Ne8 17. c4 f6 18. Nef3 c6 19. cxb5 cxb5 20. Rc5 Qd7 21. Rfc1 Bb7 22. Nb1 Rd6 23. Bb2 Ba6 24. Qc2 Rf7 25. Rc6 Bb7 26. Rc5 Ba6 27. Nbd2 e6 28. Bd4 Bb7 29. Qb2 h6 30. h3 Rc6 31. Qc2 Rd6 32. Bb2 Re7 33. d4 g5 34. Nf1 Rb6 35. Ng3 Nd6 36. Rc7 Qxc7 37. Qxc7 Rxc7 38. Rxc7 Rc6 39. Rxc6 Bxc6 40. Ne2 Be8 41. Nc3 gxf4 42. exf4 Nc4 43. Bc1 Bc6 44. Nd2 Nb6 45. Nf3 Nd7 46. Kf2 e5 47. fxe5 fxe5 48. dxe5 Nxe5 49. Nxe5 Bxe5 50. Ne2 h5 51. Be3 Bb2 52. Bc1 Be5 1/2-1/2

[Event "POL-chT 53rd"]
[Site "Krynica"]
[Date "1997.09.29"]
[Round "5"]
[White "Nowak, Ignacy"]
[Black "Oliwa, Patryk"]
[Result "1/2-1/2"]
[WhiteElo "2385"]
[BlackElo "2130"]
[PlyCount "51"]
[EventDate "1997.09.25"]
[EventType "team-tourn"]
[EventRounds "11"]
[EventCountry "POL"]
[SourceTitle "EXT 2019"]
[Source "ChessBase"]
[SourceDate "2018.10.10"]
[SourceVersion "1"]
[SourceVersionDate "2018.10.10"]
[SourceQuality "1"]
[WhiteTeam "Poznan Pocztowiec"]
[BlackTeam "Jasien LKS ZPD"]
[WhiteTeamCountry "POL"]
[BlackTeamCountry "POL"]

1. Nf3 Nf6 2. c4 c6 3. Nc3 d5 4. d4 dxc4 5. a4 Na6 6. e4 Bg4 7. Bxc4 Bxf3 8. gxf3 e6 9. Be3 Nb4 10. 0-0 a5 11. f4 g6 12. Qe2 Be7 13. Rad1 0-0 14. Rd2 Qc7 15. Rfd1 Rad8 16. Qf3 Rd7 17. Bf1 Rfd8 18. Bh3 Re8 19. Kh1 Rdd8 20. Qe2 Bf8 21. Qf3 Bg7 22. Nb1 Nh5 23. Bg4 Nf6 24. Bh3 Nh5 25. Bg4 Nf6 26. Bh3 1/2-1/2

[Event "POL-chT 53rd"]
[Site "Krynica"]
[Date "1997.09.26"]
[Round "2"]
[White "Oliwa, Patryk"]
[Black "Spisak, Czeslaw"]
[Result "1/2-1/2"]
[WhiteElo "2130"]
[BlackElo "2320"]
[PlyCount "39"]
[EventDate "1997.09.25"]
[EventType "team-tourn"]
[EventRounds "11"]
[EventCountry "POL"]
[SourceTitle "EXT 2019"]
[Source "ChessBase"]
[SourceDate "2018.10.10"]
[SourceVersion "1"]
[SourceVersionDate "2018.10.10"]
[SourceQuality "1"]
[WhiteTeam "Jasien LKS ZPD"]
[BlackTeam "Bielsko-Biala Wlokniarz"]
[WhiteTeamCountry "POL"]
[BlackTeamCountry "POL"]

1. d4 Nf6 2. c4 g6 3. Nc3 Bg7 4. g3 0-0 5. Bg2 d6 6. Nf3 Nbd7 7. 0-0 e5 8. e4 c6 9. h3 exd4 10. Nxd4 Qb6 11. Re1 Re8 12. Nb3 Ne5 13. Bf1 Be6 14. Be3 c5 15. Nd2 Qxb2 16. Nb5 Rad8 17. Rb1 Qxa2 18. Ra1 Qb2 19. Rb1 Qa2 20. Ra1 1/2-1/2

[Event "POL-ch sf"]
[Site "Poraj "]
[Date "1997.??.??"]
[Round "1"]
[White "Oliwa, Patryk"]
[Black "Przedmojski, Rafal"]
[Result "1/2-1/2"]
[WhiteElo "2150"]
[BlackElo "2335"]
[PlyCount "83"]
[EventDate "1997.??.??"]
[EventType "swiss"]
[EventRounds "11"]
[EventCountry "POL"]
[SourceTitle "EXT 2000"]
[Source "ChessBase"]
[SourceDate "1999.11.16"]
[SourceVersion "1"]
[SourceVersionDate "1999.11.16"]
[SourceQuality "1"]

1. d4 g6 2. c4 f5 3. h4 Nf6 4. h5 gxh5 5. e4 fxe4 6. Be2 Bg7 7. Bxh5+ Kf8 8. Nc3 Nc6 9. Be3 e5 10. d5 Nd4 11. Nge2 c5 12. dxc6 dxc6 13. Nxd4 exd4 14. Bxd4 Be6 15. Bc5+ Kg8 16. Be2 b6 17. Be3 Qxd1+ 18. Rxd1 Kf7 19. Rh4 Rad8 20. b3 Bf5 21. Rc1 h5 22. a4 Kg6 23. c5 Ng4 24. Bxg4 Bxg4 25. Nxe4 Bb2 26. Rb1 Rhe8 27. f3 Bd4 28. Bxd4 Rxd4 29. cxb6 axb6 30. Kf2 Bf5 31. Re1 Rb4 32. Re3 Rd8 33. Kg3 Rdd4 34. Kf4 Be6 35. Ke5 Bxb3 36. g4 Rd5+ 37. Kf4 Bxa4 38. gxh5+ Rxh5 39. Rg4+ Kh6 40. Kg3 Bc2 41. Nf6 Rxg4+ 42. fxg4 1/2-1/2

[Event "POL-ch sf"]
[Site "Poraj "]
[Date "1997.??.??"]
[Round "5"]
[White "Pinski, Jan"]
[Black "Oliwa, Patryk"]
[Result "1/2-1/2"]
[WhiteElo "2245"]
[BlackElo "2150"]
[PlyCount "99"]
[EventDate "1997.??.??"]
[EventType "swiss"]
[EventRounds "11"]
[EventCountry "POL"]
[SourceTitle "EXT 2000"]
[Source "ChessBase"]
[SourceDate "1999.11.16"]
[SourceVersion "1"]
[SourceVersionDate "1999.11.16"]
[SourceQuality "1"]

1. e4 e6 2. d4 d5 3. Nc3 Bb4 4. Nge2 dxe4 5. a3 Bxc3+ 6. Nxc3 Nc6 7. d5 Nce7 8. dxe6 Qxd1+ 9. Kxd1 Bxe6 10. Nxe4 0-0-0+ 11. Ke1 Bf5 12. Bd3 Nf6 13. f3 Nxe4 14. fxe4 Bg6 15. Be3 Nc6 16. Rf1 Rhe8 17. Rf4 f6 18. Rd1 Re6 19. Bb5 Rxd1+ 20. Kxd1 Bxe4 21. Bxc6 Bxc6 22. Ke2 Bxg2 23. Rg4 Be4 24. Rxg7 Bxc2 25. Kd2 Bg6 26. Bf4 Rc6 27. Rg8+ Kd7 28. Rg7+ Kd8 29. Rg8+ Be8 30. Rg7 h5 31. Kd3 a5 32. Rg1 a4 33. Rc1 Rxc1 34. Bxc1 Kd7 35. Bf4 c5 36. Bh6 Kd6 37. Bf8+ Kd5 38. Be7 f5 39. Bg5 Bb5+ 40. Ke3 Bf1 41. Be7 b5 42. Bf8 Kc4 43. Be7 Bh3 44. Bd6 Bg4 45. Bc7 b4 46. Bb6 Kb5 47. Bc7 Kc4 48. Bb6 Kd5 49. Ba5 Kc4 50. Bb6 1/2-1/2